[Event "42nd Guernsey Open 2016"]
[Site "Vale GCI"]
[Date "2016.10.17"]
[Round "2"]
[White "Prins, Jan H"]
[Black "Lehmann, Stefan"]
[Result "1-0"]
[WhiteElo "2078"]
[BlackElo "1970"]
[PlyCount "145"]
[EventDate "2016.10.16"]
[EventType "swiss"]
[EventRounds "7"]
[EventCountry "GCI"]

1. d4 e6 2. Nf3 c5 3. g3 Nf6 4. Bg2 Nc6 5. c3 Be7 6. O-O O-O 7. dxc5 a5 8. Be3
Ng4 9. Qd2 Nxe3 10. Qxe3 a4 11. Nbd2 Ra5 12. b4 axb3 13. axb3 Rxc5 14. b4 Rh5
15. Ra8 Qc7 16. Rb1 b5 17. Nd4 Nxd4 18. cxd4 d5 19. Nf3 f5 20. Rc1 Qd7 21. Ne5
Qb7 22. Ra2 Bxb4 23. Rb1 Bd6 24. Bf3 f4 25. gxf4 Rhf5 26. Ra5 Rxf4 27. Raxb5
Qe7 28. Rb6 Qg5+ 29. Kf1 Bxe5 30. Qxe5 Qxe5 31. dxe5 R4f5 32. Rc1 g5 33. h3
R5f7 34. Ke1 Ra7 35. Bg4 Kg7 36. f3 Kg6 37. Bxe6 Bxe6 38. Rxe6+ Kf5 39. Rcc6
Kf4 40. Kf2 d4 41. Rcd6 Kf5 42. Rb6 Ra2 43. Rf6+ Rxf6 44. exf6 Kg6 45. Rd6 d3
46. Rxd3 Kxf6 47. Rd6+ Kg7 48. Re6 Kf7 49. Re4 Ra1 50. e3 Kf6 51. Rb4 Rh1 52.
Rb6+ Kg7 53. Kg2 Re1 54. e4 h6 55. Rb2 Kg6 56. Kf2 Rh1 57. Kg3 Rg1+ 58. Rg2 Rf1
59. h4 Kf6 60. Rh2 Rg1+ 61. Kf2 Ra1 62. hxg5+ Kxg5 63. Rg2+ Kf6 64. Rg8 Ra3 65.
Kg3 Rb3 66. Kf4 Rb4 67. Ra8 Rc4 68. Ra6+ Kg7 69. Kf5 Rc5+ 70. e5 h5 71. f4 h4
72. Kg4 Rc4 73. Rf6 1-0

[Event "42nd Guernsey Open 2016"]
[Site "Vale GCI"]
[Date "2016.10.17"]
[Round "2"]
[White "Canonne, Antoine"]
[Black "Okhai, Shabir"]
[Result "0-1"]
[WhiteElo "1928"]
[BlackElo "2072"]
[PlyCount "132"]
[EventDate "2016.10.16"]
[EventType "swiss"]
[EventRounds "7"]
[EventCountry "GCI"]

1. e4 e5 2. Nc3 Nf6 3. f4 d5 4. fxe5 Nxe4 5. d3 Nxc3 6. bxc3 d4 7. Nf3 dxc3 8.
Be2 Nc6 9. O-O Bc5+ 10. Kh1 O-O 11. Qe1 Bg4 12. Qg3 Qd7 13. h3 Bxf3 14. Bxf3
Bd4 15. Bf4 Nd8 16. Rae1 c6 17. Be4 Ne6 18. Qh4 g6 19. Bh6 Rfe8 20. Bf3 Qe7 21.
Qg4 Qc7 22. Re4 Bxe5 23. Qh4 Rad8 24. Bd1 Rd4 25. Rfe1 Rxe4 26. Rxe4 Bg7 27.
Bf4 Qd8 28. Qe1 Bf6 29. Bg4 Ng7 30. Bh6 Rxe4 31. Qxe4 Ne8 32. Be3 a6 33. Bc5
Ng7 34. g3 b6 35. Be3 h5 36. Bf3 Nf5 37. Bf2 Bd4 38. Kg2 Bxf2 39. Kxf2 Qd4+ 40.
Qxd4 Nxd4 41. Bd1 Kg7 42. Ke3 Nf5+ 43. Kf4 Kf6 44. g4 hxg4 45. hxg4 Nd6 46. g5+
Ke6 47. Bf3 c5 48. a4 b5 49. axb5 axb5 50. Bc6 b4 51. Ba4 Kd5 52. Bb3+ Kd4 53.
Ba4 c4 54. dxc4 Nxc4 55. Bb3 Ne5 56. Ba4 Nd3+ 57. cxd3 Kxd3 58. Ke5 c2 59.
Bxc2+ Kxc2 60. Kf6 b3 61. Kxf7 b2 62. Kxg6 b1=Q 63. Kf6 Qb8 64. Kg7 Qa7+ 65.
Kh6 Qf7 66. g6 Qg8 0-1

[Event "42nd Guernsey Open 2016"]
[Site "Vale GCI"]
[Date "2016.10.17"]
[Round "2"]
[White "Havenaar, Jan"]
[Black "Bakker, Joop"]
[Result "1/2-1/2"]
[WhiteElo "2071"]
[BlackElo "1868"]
[PlyCount "36"]
[EventDate "2016.10.16"]
[EventType "swiss"]
[EventRounds "7"]
[EventCountry "GCI"]

1. Nc3 d5 2. e4 dxe4 3. Nxe4 Qd5 4. Nc3 Qa5 5. d4 e5 6. dxe5 Bb4 7. Bd2 Qxe5+
8. Qe2 Nc6 9. Nf3 Qxe2+ 10. Bxe2 Bf5 11. O-O-O O-O-O 12. Bc4 Bg6 13. Nh4 Bh5
14. Be2 Bxe2 15. Nxe2 Bxd2+ 16. Rxd2 Rxd2 17. Kxd2 Nf6 18. f3 Rd8+ 1/2-1/2

[Event "42nd Guernsey Open 2016"]
[Site "Vale GCI"]
[Date "2016.10.17"]
[Round "2"]
[White "Ippel, Cornelius J"]
[Black "Hewson, Brian Wr"]
[Result "0-1"]
[WhiteElo "1720"]
[BlackElo "2068"]
[PlyCount "118"]
[EventDate "2016.10.16"]
[EventType "swiss"]
[EventRounds "7"]
[EventCountry "GCI"]

1. Nc3 g6 2. d4 Bg7 3. e4 d6 4. Nf3 Bg4 5. Be2 c6 6. O-O Nd7 7. h3 Bxf3 8. Bxf3
Ngf6 9. Be3 O-O 10. Qd2 a6 11. Bh6 Rb8 12. Bxg7 Kxg7 13. Rfd1 Qa5 14. a3 b5 15.
e5 dxe5 16. Bxc6 Rfd8 17. d5 Qc7 18. Bxd7 Rxd7 19. Qe3 Rbd8 20. Re1 Nxd5 21.
Qxe5+ Qxe5 22. Rxe5 Nxc3 23. bxc3 Rd1+ 24. Re1 R1d2 25. Ra2 e6 26. a4 Rc8 27.
axb5 axb5 28. Re5 Rd1+ 29. Kh2 Rb1 30. Ra5 Rb2 31. Raxb5 Rxc2 32. Rec5 Rd8 33.
f3 Rd3 34. Kg3 Rdxc3 35. Rxc3 Rxc3 36. Rb2 h5 37. Re2 Kf6 38. h4 e5 39. Kf2 Rc1
40. g3 Ke6 41. f4 f6 42. fxe5 fxe5 43. Kg2 Rc6 44. Kf2 Kf5 45. Kg2 e4 46. Rb2
Rc5 47. Rf2+ Ke5 48. Rf8 Rc6 49. Rd8 Rd6 50. Re8+ Kd4 51. Kf2 Kd3 52. g4 hxg4
53. Kg3 e3 54. Ra8 e2 55. Ra3+ Kd2 56. Ra2+ Ke3 57. Ra1 Rd1 58. Ra3+ Rd3 59.
Ra1 Kd2+ 0-1

[Event "42nd Guernsey Open 2016"]
[Site "Vale GCI"]
[Date "2016.10.17"]
[Round "2"]
[White "Rosen, Daniel B"]
[Black "Hawkins, James NH"]
[Result "1-0"]
[WhiteElo "2034"]
[BlackElo "1944"]
[PlyCount "89"]
[EventDate "2016.10.16"]
[EventType "swiss"]
[EventRounds "7"]
[EventCountry "GCI"]

1. e4 e5 2. Nf3 Nc6 3. Bb5 a6 4. Ba4 Nf6 5. d3 d6 6. c3 Be7 7. O-O O-O 8. h3 b5
9. Bc2 d5 10. Qe2 dxe4 11. dxe4 Bd7 12. Rd1 Qc8 13. Nbd2 Rd8 14. Nf1 Be6 15.
Bg5 Rxd1 16. Qxd1 Qb7 17. Ne3 Rd8 18. Qe2 g6 19. a4 Kg7 20. Bd3 Rb8 21. axb5
axb5 22. b4 h5 23. Nc2 Bd7 24. Rd1 Bd6 25. Qd2 Ng8 26. Ne3 Nce7 27. Nf1 Be6 28.
Be3 Ra8 29. Qe2 Ra2 30. Rd2 Rxd2 31. N3xd2 Bd7 32. Nb3 Bc6 33. Nfd2 Bd7 34. f4
exf4 35. Bd4+ f6 36. e5 fxe5 37. Nc5 Qc8 38. Bxe5+ Kf7 39. Nxd7 Qxd7 40. Bxb5
Qf5 41. Bc4+ Ke8 42. Bxd6 cxd6 43. Bxg8 g5 44. Be6 Qg6 45. Qe4 1-0

[Event "42nd Guernsey Open 2016"]
[Site "Vale GCI"]
[Date "2016.10.17"]
[Round "2"]
[White "Hickman, John E"]
[Black "Dilleigh, Stephen P"]
[Result "1/2-1/2"]
[WhiteElo "1926"]
[BlackElo "2004"]
[PlyCount "58"]
[EventDate "2016.10.16"]
[EventType "swiss"]
[EventRounds "7"]
[EventCountry "GCI"]

1. Nf3 d5 2. g3 g6 3. Bg2 Bg7 4. O-O e5 5. d3 Ne7 6. Nbd2 O-O 7. c4 d4 8. b4 a5
9. bxa5 Rxa5 10. Nb3 Ra7 11. e3 Nec6 12. exd4 Nxd4 13. Nfxd4 exd4 14. Re1 Bd7
15. Bd2 Bc6 16. Bxc6 Nxc6 17. Qe2 b6 18. Bf4 Qd7 19. Qe4 Nb4 20. Qe7 c5 21. Qe2
Raa8 22. Qd2 Rfe8 23. Rxe8+ Rxe8 24. a3 Nc6 25. Re1 Re6 26. Nc1 Be5 27. Bh6 Bc7
28. Rxe6 Qxe6 29. Qe2 Qxe2 1/2-1/2

[Event "42nd Guernsey Open 2016"]
[Site "Vale GCI"]
[Date "2016.10.17"]
[Round "2"]
[White "Fassaert, Desire JM"]
[Black "Norman, Kenneth I"]
[Result "1/2-1/2"]
[WhiteElo "1919"]
[BlackElo "2147"]
[PlyCount "43"]
[EventDate "2016.10.16"]
[EventType "swiss"]
[EventRounds "7"]
[EventCountry "GCI"]

1. Nf3 Nf6 2. c4 g6 3. b3 Bg7 4. Bb2 d6 5. d4 O-O 6. g3 Nbd7 7. Bg2 c6 8. O-O
Re8 9. Nc3 e5 10. e4 exd4 11. Nxd4 Nc5 12. Re1 a5 13. Qc2 Qb6 14. Rad1 a4 15.
bxa4 Qa7 16. Nb3 Nxa4 17. Nxa4 Qxa4 18. Rxd6 Be6 19. Red1 Qb4 20. Qd2 Qxd2 21.
R1xd2 Ra4 22. Nc5 1/2-1/2

[Event "42nd Guernsey Open 2016"]
[Site "Vale GCI"]
[Date "2016.10.17"]
[Round "2"]
[White "Staples, Maurice J"]
[Black "Downey, Keith"]
[Result "1-0"]
[WhiteElo "1994"]
[BlackElo "1829"]
[PlyCount "65"]
[EventDate "2016.10.16"]
[EventType "swiss"]
[EventRounds "7"]
[EventCountry "GCI"]

1. e4 c5 2. Nf3 d6 3. d4 cxd4 4. Nxd4 Nf6 5. Nc3 Nc6 6. Bc4 Bd7 7. Bb3 g6 8.
Be3 Bg7 9. f3 a6 10. Qd2 Nxd4 11. Bxd4 Bc6 12. O-O-O a5 13. a3 b5 14. Bd5 Qd7
15. Bxc6 Qxc6 16. Nd5 h5 17. Nxf6+ exf6 18. Qc3 Qxc3 19. Bxc3 Ke7 20. Kb1 Rhb8
21. Be1 b4 22. Bg3 Ra6 23. a4 Bf8 24. Rd5 Ke6 25. Rhd1 Rbb6 26. Bf2 Rb8 27. Rb5
Raa8 28. Rdd5 Be7 29. Rxb8 Rxb8 30. Rxa5 Bd8 31. Rb5 Rxb5 32. axb5 Kd7 33. Ka2
1-0

[Event "42nd Guernsey Open 2016"]
[Site "Vale GCI"]
[Date "2016.10.17"]
[Round "2"]
[White "Von Saldern, Ruediger"]
[Black "De Kruif, Kees"]
[Result "1/2-1/2"]
[WhiteElo "1914"]
[BlackElo "1986"]
[PlyCount "50"]
[EventDate "2016.10.16"]
[EventType "swiss"]
[EventRounds "7"]
[EventCountry "GCI"]

1. d4 Nf6 2. Nf3 e6 3. Bg5 Be7 4. e3 h6 5. Bh4 b6 6. Bd3 Bb7 7. O-O O-O 8. Nbd2
d6 9. e4 Nbd7 10. Re1 c5 11. e5 dxe5 12. dxe5 Nh7 13. Bxe7 Qxe7 14. Be4 Rab8
15. Qe2 Rfd8 16. Rad1 Ng5 17. Nxg5 Qxg5 18. Bxb7 Rxb7 19. Qe4 Rbb8 20. f4 Qh5
21. Nc4 Nf8 22. Nd6 Qg6 23. Qxg6 Nxg6 24. g3 Ne7 25. c4 Nc6 1/2-1/2

[Event "42nd Guernsey Open 2016"]
[Site "Vale GCI"]
[Date "2016.10.17"]
[Round "2"]
[White "Boldt, Heinrich"]
[Black "French, Max"]
[Result "0-1"]
[WhiteElo "1874"]
[BlackElo "1983"]
[PlyCount "70"]
[EventDate "2016.10.16"]
[EventType "swiss"]
[EventRounds "7"]
[EventCountry "GCI"]

1. d4 Nf6 2. Bf4 e6 3. Nf3 c5 4. e3 Be7 5. Bd3 Nh5 6. Bg3 Nxg3 7. hxg3 d5 8. c3
Nc6 9. Nbd2 Bd7 10. Qc2 h6 11. Be2 Rc8 12. Ne5 cxd4 13. Nxc6 Rxc6 14. exd4 a6
15. Nf3 Bd6 16. Qd2 Qf6 17. Nh2 g5 18. Ng4 Qg7 19. Qe3 f6 20. O-O-O b5 21. a3
Ke7 22. Bf3 h5 23. Nh2 Kf7 24. Be2 b4 25. axb4 Bxb4 26. Kd2 Bd6 27. Ra1 h4 28.
Ng4 hxg3 29. fxg3 Rb6 30. Rxh8 Qxh8 31. Rxa6 Rxb2+ 32. Ke1 Qh1+ 33. Kf2 Bb5 34.
Rxd6 Rxe2+ 35. Qxe2 Bxe2 0-1

[Event "42nd Guernsey Open 2016"]
[Site "Vale GCI"]
[Date "2016.10.17"]
[Round "2"]
[White "Gravett, Alan D"]
[Black "Spanton, Timothy R"]
[Result "0-1"]
[WhiteElo "1844"]
[BlackElo "1969"]
[PlyCount "50"]
[EventDate "2016.10.16"]
[EventType "swiss"]
[EventRounds "7"]
[EventCountry "GCI"]

1. Nf3 Nc6 2. d4 d5 3. g3 Bg4 4. Bg2 Qd7 5. h3 Bf5 6. c3 f6 7. Nh4 Be4 8. f3
Bxb1 9. Rxb1 g5 10. Ng6 hxg6 11. Qd3 O-O-O 12. b4 e5 13. h4 gxh4 14. Bh3 f5 15.
dxe5 Nxe5 16. Qd4 Re8 17. Qxa7 Nc6 18. Qa8+ Nb8 19. g4 Re6 20. gxf5 gxf5 21.
Bxf5 Rxe2+ 22. Kxe2 Qxf5 23. Be3 Qc2+ 24. Bd2 Bh6 25. Rbd1 Nf6 0-1

[Event "42nd Guernsey Open 2016"]
[Site "Vale GCI"]
[Date "2016.10.17"]
[Round "2"]
[White "Rowe, Peter"]
[Black "Murray, J Stephen"]
[Result "1-0"]
[WhiteElo "1964"]
[BlackElo "1795"]
[PlyCount "79"]
[EventDate "2016.10.16"]
[EventType "swiss"]
[EventRounds "7"]
[EventCountry "GCI"]

1. d4 Nf6 2. Nf3 e6 3. Bf4 c5 4. c3 b6 5. e3 Bb7 6. Nbd2 Be7 7. h3 O-O 8. Bd3
d6 9. O-O Nbd7 10. Qc2 cxd4 11. exd4 Qc7 12. Rfe1 Rfd8 13. Rad1 Rac8 14. Qb1
Nf8 15. Re2 Rd7 16. Rde1 Qd8 17. Bh2 Rdc7 18. Ng5 h6 19. Ngf3 Qd7 20. c4 Qd8
21. b3 Rd7 22. Re3 N6h7 23. d5 Bg5 24. dxe6 fxe6 25. Bxh7+ Nxh7 26. Rxe6 Bxd2
27. Nxd2 Qg5 28. Ne4 Bxe4 29. Qxe4 Nf6 30. Qf3 Qd2 31. R6e2 Qd4 32. Bf4 Rf8 33.
Rd2 Qc5 34. Qe3 Qf5 35. Qe6+ Qxe6 36. Rxe6 d5 37. cxd5 Rxd5 38. Rxd5 Nxd5 39.
Be5 Rf7 40. a3 1-0

[Event "42nd Guernsey Open 2016"]
[Site "Vale GCI"]
[Date "2016.10.17"]
[Round "2"]
[White "Hoogland, Rob"]
[Black "Magnussen, Pal"]
[Result "1/2-1/2"]
[WhiteElo "1813"]
[BlackElo "1926"]
[PlyCount "49"]
[EventDate "2016.10.16"]
[EventType "swiss"]
[EventRounds "7"]
[EventCountry "GCI"]

1. d4 Nf6 2. c4 c5 3. d5 b5 4. f3 d6 5. e4 b4 6. b3 g6 7. Bb2 Bg7 8. Bd3 O-O 9.
Qc2 Nbd7 10. Ne2 Ne5 11. O-O Bd7 12. Nd2 Qb6 13. h3 Rfe8 14. f4 Nxd3 15. Qxd3
Nxe4 16. Bxg7 Nxd2 17. Qxd2 Kxg7 18. Ng3 e6 19. f5 exf5 20. Qg5 h6 21. Nh5+ Kh7
22. Qf6 gxh5 23. Qxf7+ Kh8 24. Qf6+ Kh7 25. Qf7+ 1/2-1/2

[Event "42nd Guernsey Open 2016"]
[Site "Vale GCI"]
[Date "2016.10.17"]
[Round "2"]
[White "Markering, Martin"]
[Black "Frijling, Jeroen"]
[Result "1-0"]
[WhiteElo "1922"]
[BlackElo "1778"]
[PlyCount "79"]
[EventDate "2016.10.16"]
[EventType "swiss"]
[EventRounds "7"]
[EventCountry "GCI"]

1. d4 Nf6 2. Bg5 d5 3. Nf3 e6 4. e3 c5 5. c3 Nc6 6. Nbd2 Be7 7. Bd3 h6 8. Bh4
O-O 9. h3 b6 10. Bg3 Bb7 11. Ne5 Nxe5 12. Bxe5 Bd6 13. Nf3 Ne4 14. Bxd6 Qxd6
15. Ne5 a5 16. Qa4 Ba6 17. Bxa6 Rxa6 18. O-O Ra7 19. Rfd1 Rc7 20. Rac1 Rfc8 21.
Nf3 f5 22. Ne5 g5 23. Qc2 Rg7 24. Qe2 Kh7 25. Qh5 Qf8 26. Qe2 Qf6 27. f3 Ng3
28. Qc2 Kh8 29. Qf2 f4 30. Ng4 Qg6 31. Ne5 Qf5 32. Re1 Nh5 33. Ng4 Kh7 34. e4
dxe4 35. Rxe4 Nf6 36. Nxf6+ Qxf6 37. Rce1 Re7 38. Qe2 cxd4 39. Rxd4 Rc6 40.
Qe4+ 1-0

[Event "42nd Guernsey Open 2016"]
[Site "Vale GCI"]
[Date "2016.10.18"]
[Round "3.1"]
[White "Le Roux, Jean Pierre"]
[Black "Parligras, Cosmin"]
[Result "1-0"]
[WhiteElo "2549"]
[BlackElo "2263"]
[PlyCount "57"]
[EventDate "2016.10.16"]
[EventType "swiss"]
[EventRounds "7"]
[EventCountry "GCI"]

1. e4 c5 2. Nf3 e6 3. b3 a6 4. Bb2 Nc6 5. c4 Qc7 6. h3 d6 7. d4 cxd4 8. Nxd4
Nf6 9. Bd3 Nb4 10. O-O Be7 11. Nc3 Nxd3 12. Qxd3 O-O 13. Rac1 b6 14. Qg3 Bb7
15. Rfe1 Rfe8 16. Nd5 Qd8 17. Nxe7+ Qxe7 18. e5 Ne4 19. Rxe4 Bxe4 20. exd6 Qf6
21. Re1 Bg6 22. Re5 Qd8 23. c5 bxc5 24. Rxc5 Qb6 25. Rc7 e5 26. Nc6 f6 27. Qg4
Rad8 28. Nxd8 Rxd8 29. Qe6+ 1-0

[Event "42nd Guernsey Open 2016"]
[Site "Vale GCI"]
[Date "2016.10.18"]
[Round "3.2"]
[White "Curtis, John E"]
[Black "Hillarp Persson, Tiger"]
[Result "0-1"]
[WhiteElo "2088"]
[BlackElo "2513"]
[PlyCount "122"]
[EventDate "2016.10.16"]
[EventType "swiss"]
[EventRounds "7"]
[EventCountry "GCI"]

1. d4 g6 2. e4 Bg7 3. Nc3 d6 4. Be3 a6 5. Qd2 Nd7 6. Nf3 h6 7. Bd3 e6 8. O-O b6
9. Rfe1 Bb7 10. Rad1 Ne7 11. a4 g5 12. d5 e5 13. h3 O-O 14. g4 Ng6 15. Ne2 Nf4
16. Kh2 Qf6 17. Nfg1 h5 18. gxh5 Qh6 19. Ng3 f5 20. Nxf5 Rxf5 21. exf5 Nf6 22.
Bxf4 gxf4 23. c4 Qxh5 24. Qe2 Qh6 25. Nf3 Re8 26. Nd2 Bc8 27. f3 Nh5 28. Qg2
Ng3 29. Rg1 Bf6 30. Ne4 Bh4 31. Nf2 Kf7 32. a5 Nxf5 33. Bxf5 Bg3+ 34. Kh1 Bxf5
35. Ne4 Bxe4 36. fxe4 bxa5 37. Rd3 Rh8 38. Rxg3 fxg3 39. Qf3+ Ke7 40. Rxg3 Rf8
41. Qg2 Kd7 42. Rg7+ Kc8 43. Rg8 Rxg8 44. Qxg8+ Kb7 45. Qg2 a4 46. Kh2 Qf4+ 47.
Kh1 a5 48. Qe2 Qg3 49. Qg2 Qe3 50. Kh2 a3 51. bxa3 Qxa3 52. h4 a4 53. h5 Qc1
54. Qa2 Qf4+ 55. Kg1 Qg3+ 56. Qg2 Qe1+ 57. Kh2 Qh4+ 58. Kg1 a3 59. Qa2 Qg3+ 60.
Kh1 Qc3 61. c5 Qc1+ 0-1

[Event "42nd Guernsey Open 2016"]
[Site "Vale GCI"]
[Date "2016.10.18"]
[Round "3.3"]
[White "Korneev, Oleg"]
[Black "Heppell, Ian N"]
[Result "1-0"]
[WhiteElo "2581"]
[BlackElo "2066"]
[PlyCount "69"]
[EventDate "2016.10.16"]
[EventType "swiss"]
[EventRounds "7"]
[EventCountry "GCI"]

1. d4 Nf6 2. Nf3 d5 3. c4 e6 4. Nc3 Nbd7 5. Bf4 c6 6. e3 Be7 7. h3 O-O 8. Rc1
Re8 9. a3 Nf8 10. Qc2 Ng6 11. Bh2 Bd6 12. Ne5 Qe7 13. Bd3 Bd7 14. c5 Bb8 15.
O-O Rc8 16. Rfe1 Be8 17. e4 dxe4 18. Nxe4 Nxe4 19. Bxe4 Nf8 20. b4 Rd8 21. Red1
f6 22. Nc4 Bxh2+ 23. Kxh2 Bg6 24. Nd6 a5 25. b5 Rxd6 26. cxd6 Qxd6+ 27. g3 cxb5
28. d5 exd5 29. Rxd5 Qxa3 30. Bxg6 hxg6 31. Rxb5 Qf3 32. Rcb1 a4 33. Rxb7 Kh7
34. R1b4 Ne6 35. Re7 1-0

[Event "42nd Guernsey Open 2016"]
[Site "Vale GCI"]
[Date "2016.10.18"]
[Round "3.4"]
[White "Aristegui, Michel"]
[Black "Hoogland, Dirk"]
[Result "1/2-1/2"]
[WhiteElo "2052"]
[BlackElo "2139"]
[PlyCount "84"]
[EventDate "2016.10.16"]
[EventType "swiss"]
[EventRounds "7"]
[EventCountry "GCI"]

1. e3 Nf6 2. f4 e6 3. Nf3 b6 4. Be2 Bb7 5. O-O Be7 6. b3 d6 7. Bb2 Nbd7 8. Qe1
Nf8 9. d3 Ng6 10. f5 exf5 11. Nd4 f4 12. Nf5 O-O 13. e4 Re8 14. h4 Nxe4 15.
dxe4 Bxe4 16. Nxe7+ Qxe7 17. h5 Qg5 18. Qf2 Nh4 19. g3 Nf5 20. Qxf4 Qxg3+ 21.
Qxg3 Nxg3 22. Rf2 Nxe2+ 23. Rxe2 h6 24. Nc3 Bf3 25. Rh2 Re5 26. a4 Rg5+ 27. Kf2
Bxh5 28. Re1 Kf8 29. Nb5 Rc5 30. c4 Bg6 31. Bd4 Rf5+ 32. Kg3 c5 33. Be3 Rd8 34.
Nc7 Re5 35. Rd2 f5 36. Kf2 Rd7 37. Nd5 Bf7 38. Bf4 Re6 39. Rxe6 Bxe6 40. Nc3
Ke7 41. Nd5+ Kf7 42. Nc3 Ke7 1/2-1/2

[Event "42nd Guernsey Open 2016"]
[Site "Vale GCI"]
[Date "2016.10.18"]
[Round "3.5"]
[White "Maloberti, David"]
[Black "Purdon, Colin"]
[Result "1/2-1/2"]
[WhiteElo "2123"]
[BlackElo "2053"]
[PlyCount "72"]
[EventDate "2016.10.16"]
[EventType "swiss"]
[EventRounds "7"]
[EventCountry "GCI"]

1. d4 d5 2. c4 c6 3. Nf3 Nf6 4. e3 Bf5 5. Nc3 e6 6. Bd3 dxc4 7. Bxf5 exf5 8.
Ne5 Nbd7 9. Nxc4 b5 10. Nd2 Qb6 11. O-O Be7 12. Nf3 b4 13. Na4 Qb5 14. b3 O-O
15. Bb2 Ne4 16. Rc1 Rac8 17. Nd2 Qd3 18. Nc4 Qxd1 19. Rfxd1 Rfd8 20. f3 Nef6
21. Na5 Nb8 22. Nb7 Re8 23. Nac5 Bxc5 24. dxc5 Rxe3 25. Bxf6 gxf6 26. Nd6 Rf8
27. Kf2 Re6 28. Nxf5 Re5 29. g4 Na6 30. f4 Rxc5 31. Rxc5 Nxc5 32. Kf3 Ne6 33.
Ne7+ Kg7 34. Nxc6 Rc8 35. Nxb4 a5 36. Nd5 Rc2 1/2-1/2

[Event "42nd Guernsey Open 2016"]
[Site "Vale GCI"]
[Date "2016.10.18"]
[Round "3.6"]
[White "Brookfield, Toby"]
[Black "Reijneveld, Ad"]
[Result "0-1"]
[WhiteElo "1906"]
[BlackElo "2092"]
[PlyCount "91"]
[EventDate "2016.10.16"]
[EventType "swiss"]
[EventRounds "7"]
[EventCountry "GCI"]

1. e4 c5 2. Nc3 Nc6 3. f4 g6 4. Nf3 Bg7 5. Be2 e6 6. d3 Nge7 7. O-O O-O 8. Qe1
d6 9. Kh1 Nd4 10. Bd1 Nec6 11. Qf2 Bd7 12. Ne2 Nxf3 13. Qxf3 f5 14. c3 b5 15.
Ng3 Ne7 16. Bb3 Kh8 17. Qe2 d5 18. e5 Nc6 19. Bd2 Qe7 20. Rad1 a5 21. Bc1 a4
22. Bc2 d4 23. Qf2 Rfd8 24. Ne2 Be8 25. cxd4 cxd4 26. Bd2 g5 27. fxg5 Bxe5 28.
Nf4 Bg7 29. Rde1 e5 30. Qf3 Qf7 31. g6 hxg6 32. Nh3 Bf6 33. Ng5 Qe7 34. Qh3+
Kg8 35. Qh6 Qg7 36. Qh3 Bd7 37. Qf3 Qe7 38. Qd5+ Kg7 39. h4 Rh8 40. g3 Rad8 41.
Qxb5 Bxg5 42. Bxg5 Qxg5 43. Kg2 Rxh4 44. Rxe5 Rg4 45. Rf3 Nxe5 46. Qxe5+ 0-1

[Event "42nd Guernsey Open 2016"]
[Site "Vale GCI"]
[Date "2016.10.18"]
[Round "3.7"]
[White "Collier, David O"]
[Black "Prins, Jan H"]
[Result "1/2-1/2"]
[WhiteElo "2024"]
[BlackElo "2078"]
[PlyCount "47"]
[EventDate "2016.10.16"]
[EventType "swiss"]
[EventRounds "7"]
[EventCountry "GCI"]

1. d4 d5 2. c4 c6 3. cxd5 cxd5 4. Bf4 Nc6 5. Nc3 e6 6. e3 a6 7. Nf3 Nf6 8. Bd3
Be7 9. h3 O-O 10. O-O Nh5 11. Bh2 f5 12. Ne5 Nxe5 13. Bxe5 Nf6 14. Rc1 Bd7 15.
Qb3 Bc6 16. Na4 Bxa4 17. Qxa4 Rc8 18. Rc2 Rxc2 19. Qxc2 Qd7 20. Rc1 Rd8 21. f3
Kf7 22. e4 g6 23. exf5 gxf5 24. Qc7 1/2-1/2

[Event "42nd Guernsey Open 2016"]
[Site "Vale GCI"]
[Date "2016.10.18"]
[Round "3.8"]
[White "Okhai, Shabir"]
[Black "Rosen, Daniel B"]
[Result "0-1"]
[WhiteElo "2072"]
[BlackElo "2034"]
[PlyCount "98"]
[EventDate "2016.10.16"]
[EventType "swiss"]
[EventRounds "7"]
[EventCountry "GCI"]

1. e4 d6 2. d4 g6 3. Nc3 Nd7 4. Be3 c6 5. a4 Ngf6 6. h3 Qc7 7. Nf3 Bg7 8. a5
O-O 9. Qd2 Rb8 10. Bd3 b5 11. axb6 axb6 12. O-O b5 13. e5 b4 14. exd6 exd6 15.
Ne2 Re8 16. Bf4 Nd5 17. Bh2 N7f6 18. Rfe1 Bb7 19. Bc4 c5 20. Bxd5 Bxd5 21. dxc5
Qxc5 22. Rad1 Bxf3 23. Bxd6 Ne4 24. Bxc5 Nxd2 25. Rxd2 Bc6 26. Bd4 Bh6 27. Rdd1
Be4 28. c3 Bc2 29. Kf1 Bxd1 30. Rxd1 bxc3 31. Bxc3 Bg7 32. Rb1 Bxc3 33. Nxc3
Rb3 34. Nd1 Rc8 35. Ne3 f5 36. g3 Kf7 37. Ke1 Ke6 38. Kd2 Ke5 39. Nd1 Ke4 40.
Ra1 Rd3+ 41. Ke1 Kf3 42. Ne3 Rb8 43. Ra4 g5 44. Nxf5 Rxb2 45. Nd4+ Kg2 46. h4
Rdd2 47. Nf5 Rxf2 48. Ne3+ Kf3 49. Nd1 Rbe2# 0-1

[Event "42nd Guernsey Open 2016"]
[Site "Vale GCI"]
[Date "2016.10.18"]
[Round "3.9"]
[White "Hewson, Brian Wr"]
[Black "Goris, Ton"]
[Result "1-0"]
[WhiteElo "2068"]
[BlackElo "2005"]
[PlyCount "37"]
[EventDate "2016.10.16"]
[EventType "swiss"]
[EventRounds "7"]
[EventCountry "GCI"]

1. d4 e6 2. c4 c5 3. d5 exd5 4. cxd5 d6 5. Nc3 g6 6. Nf3 Nf6 7. e4 Bg7 8. Be2
O-O 9. O-O a6 10. a4 Bg4 11. Nd2 Bxe2 12. Qxe2 Re8 13. Nc4 Nxe4 14. Nxe4 f5 15.
Ncxd6 Re5 16. Bf4 fxe4 17. Bxe5 Bxe5 18. Nc4 Qe8 19. Rfe1 1-0

[Event "42nd Guernsey Open 2016"]
[Site "Vale GCI"]
[Date "2016.10.18"]
[Round "3.9"]
[White "Hamperl, Fred"]
[Black "Thurlow, Kevin J"]
[Result "1/2-1/2"]
[WhiteElo "2055"]
[BlackElo "1974"]
[PlyCount "120"]
[EventDate "2016.10.16"]
[EventType "swiss"]
[EventRounds "7"]
[EventCountry "GCI"]

1. e4 e6 2. d4 d5 3. exd5 exd5 4. c4 Nf6 5. Nc3 Be7 6. Bd3 dxc4 7. Bxc4 O-O 8.
Nge2 Nbd7 9. O-O Nb6 10. Bb3 c6 11. Bf4 Nbd5 12. Be5 Be6 13. Re1 Ng4 14. Bg3
Bh4 15. Nxd5 Bxd5 16. Bxd5 cxd5 17. Nf4 Bxg3 18. hxg3 Nf6 19. Qb3 g5 20. Nd3 b6
21. Re5 h6 22. Nb4 Re8 23. Rae1 Rxe5 24. dxe5 a5 25. Nc6 Qc7 26. Nd4 Re8 27.
Nf3 Ne4 28. Qxd5 Nc5 29. a3 a4 30. Qc4 Qd7 31. Kh2 Qd3 32. Qb4 Qg6 33. Rd1 Re6
34. Rd8+ Kg7 35. Rd2 Qh5+ 36. Kg1 Qg6 37. Kh2 Qh5+ 38. Kg1 Qg6 39. Re2 Qd3 40.
Nd4 Rg6 41. g4 Kh7 42. Re1 Qa6 43. Re3 Qc8 44. Nf5 Qe6 45. Qd4 Qa2 46. Nd6 Ne6
47. Qxb6 Nf4 48. Qb7 Qa1+ 49. Kh2 Qf1 50. Nxf7 Rg7 51. Qe4+ Rg6 52. Qf3 Rb6 53.
Qe4+ Kg7 54. e6 Rxe6 55. Qb7 Rb6 56. Qa8 Rb8 57. Qc6 Rb6 58. Qe4 Re6 59. Qb7
Rb6 60. Qe4 Re6 1/2-1/2

[Event "42nd Guernsey Open 2016"]
[Site "Vale GCI"]
[Date "2016.10.18"]
[Round "3.9"]
[White "Abbas, Daniel"]
[Black "Staples, Maurice J"]
[Result "1-0"]
[WhiteElo "2294"]
[BlackElo "1994"]
[PlyCount "125"]
[EventDate "2016.10.16"]
[EventType "swiss"]
[EventRounds "7"]
[EventCountry "GCI"]

1. e4 e5 2. Nf3 Nc6 3. Bc4 Nf6 4. d3 Bc5 5. Nbd2 d6 6. c3 O-O 7. Bb3 Qe7 8. h3
Nd8 9. Nf1 c6 10. Ng3 Be6 11. Bc2 Ne8 12. O-O Bb6 13. d4 f6 14. a4 a5 15. Be3
Bc7 16. Nh2 Nf7 17. f4 exf4 18. Bxf4 g6 19. Qd2 Ng7 20. b3 Rae8 21. Rae1 Qd7
22. d5 cxd5 23. exd5 Bb6+ 24. Kh1 Bf5 25. Bxf5 Nxf5 26. Rxe8 Nxg3+ 27. Bxg3
Rxe8 28. Ng4 Bd8 29. Nxf6+ Bxf6 30. Rxf6 Re4 31. Qf2 Qe8 32. Kh2 Re2 33. Qf3
Re3 34. Re6 Rxe6 35. dxe6 Qxe6 36. Qxb7 g5 37. c4 h5 38. Qa8+ Kg7 39. Qxa5 h4
40. Qc3+ Kg6 41. Bf2 Qf5 42. Qd4 Kh7 43. Be3 Qc2 44. Qd5 Ne5 45. Bxg5 Qxb3 46.
Bxh4 Qxa4 47. Qxd6 Qxc4 48. Qxe5 Qxh4 49. Qf5+ Kh8 50. Qg4 Qe1 51. h4 Qe5+ 52.
Qg3 Qa5 53. h5 Qxh5+ 54. Qh3 Qxh3+ 55. Kxh3 Kh7 56. Kg4 Kg6 57. g3 Kh6 58. Kf5
Kh5 59. g4+ Kh6 60. Kf6 Kh7 61. g5 Kg8 62. Kg6 Kh8 63. Kf7 1-0